000
00321nam a2200109Ia 4500
008
200302s9999 xx 000 0 und d
100
_a
Robert W.Messler
245
_a
Integral Mechanical Attachement (Ukp 52.99) A resurgence of the oldest method of joining
260
_b
Elsevier Inc., USA
260
_c
2006
300
_a
405
999
_c
4723
_d
4723